Gaming Quiz

Random Gaming or Nintendo Quiz
Score 0/16 Timer 05:00
0 Plays Today
Character % Correct
Roy
97.5%
Link
95.8%
Ike
94.9%
Marth
94.1%
Fox
93.2%
Peach
92.4%
Pit
92.4%
Ness
91.5%
Character % Correct
Snake
87.3%
R.O.B.
87.3%
Wolf
87.3%
Ken
87.3%
Sheik
85.6%
Chrom
83.9%
Cloud
78.8%
Shulk
76.3%
Remove Ads.
Support Sporcle.
Get the best of Sporcle when you Go Orange. This ad-free experience offers more features, more stats, and more fun while also helping to support Sporcle. Thank you for becoming a member.

You're not logged in!

Compare scores with friends on all Sporcle quizzes.
OR
Log In

Show Comments

Extras

Top Quizzes Today


Score Distribution

Your Account Isn't Verified!

In order to create a playlist on Sporcle, you need to verify the email address you used during registration. Go to your Sporcle Settings to finish the process.

Report this User

Report this user for behavior that violates our Community Guidelines.

Details: